000 01613nam a2200361 a 4500
001 00003817
003 DO-SdBNP
005 20180312094239.0
007 00003817
008 091117s2001 dr abc 000 0 spa d
020 _a8482614207
040 _aBPMSU
_bspa
_cBPMSU
092 _a372.84
_bR696r 7mo. 2001
100 1 _aRodríguez, Federico
245 1 0 _aReligión 7 :
_b[educación básica] /
_cFederico Rodríguez ; dirección editorial Obdulia García de Escobar ; ilustración Ruddy Núñez.
246 1 3 _aReligión :
_bformación integral, humana y religiosa
260 _aSanto Domingo :
_bSantillana,
_c2001.
300 _a95 p. :
_bil. ;
_c28 cm.
490 1 _aUmbral
505 _t¿Qué es la Biblia? --
_t¿Quién fue Abraham? --
_t¿Qué narra el libro de Éxodo? --
_t¿Cómo v ivieron los israelistas en la tierra? --
_t¿Cuál era el mensaje de los profetas? --
_t¿Quién es el salvador de la humanidad? --
_t¿Qué hizo Jesús para salvarnos? --
_t¿Cuáles eran las enseñanzas de Jesús? --
_t¿Por qué murió Jesús? --
_t¿Qué celebramos en la pascua?.
650 _aRELIGIÓN
_xENSEÑANZA BÁSICA
650 4 _aRELIGIÓN
_xESTUDIOS Y EJERCICIOS
650 4 _aRELIGIÓN
_xLIBROS DE TEXTOS
650 4 _aRELIGIÓN
_xEDUCACIÓN PRIMARIA
650 4 _aEDUCACIÓN PRIMARIA
_zREPÚBLICA DOMINICANA
700 1 _aGarcía de Escobar, Obdulia,
_eed.
700 1 _aNúñez, Ruddy,
_eil.
830 0 _aUmbral
910 _aValidado. Control de calidad MFF
942 _2ddc
_cBK
945 _aRemanejado para la BNPHU / 2018 VM
956 _aLOPEREZ
_b10
_c20160428
_lBPMSU
_h00041
999 _c9527
_d9527